LEADER 00611nam a2200169 i 4500 001 000000257521 003 CaOOAMICUS 005 20180302000000.0 008 180302s1854 it u000 u ita u 013 $a236429 040 $aSeMil$bita 245 10$aVol. 2. 300 $a636 p., [28] c. di tav. :$bill. 773 0 $aLa Cecilia, Giovanni <1801-1880>$tRussia e l'Europa Occidentale nella Quistione d'Oriente.$dGenova : Cecchi e Usigli, 1854.$g2$w()4573 850 $aSeMil 852 $aSeMil$W1$xVenegono$y1$m3V VI 61 FA$j207867$B207867$CSeMilBibl$Z2$F221414 $8I 996 $6245$aVol. 2$9(OLS)http://semarc/title/13458 LEADER 01139nam a2200241 i 4500 001 000000058416 003 CaOOAMICUS 005 20080715000000.0 008 080715s1939 it u000 u ita u 013 $a29588 040 $aSeMil$bita 100 0 $aHerodotus,$d<484-425 a.C.>.$0(OLS)http://semarc/name/975 245 13$aLe Nove Muse :$bistoria delle imprese de' greci e de' barbari /$cErodoto d'Alicarnasso ; Volgarizzata da Giulio Cesare Becelli ; Con appunti biografici e critici per cura di Lodovico Corio. 260 $aMilano :$bSonzogno,$c1939. 300 $a375 p. ;$c18 cm. 490 0 $aBiblioteca classica economica 650 4$aStoria antica.$0(OLS)http://semarc/subject/995 700 1 $aBecelli, Giulio Cesare <1686-1750>.$0(OLS)http://semarc/name/29772 830 0$aBiblioteca classica economica.$0(OLS)http://semarc/title/8379 850 $aSeMil 852 $aSeMil$W1$xVenegono$y1$m1X II 239$j24569$B24569$CSeMilBibl$Z2$F24572 $81 996 $6245$aLe Nove Muse :$bistoria delle imprese de' greci e de' barbari$9(OLS)http://semarc/title/91060 996 $6260$aMilano :$bSonzogno$9(OLS)http://semarc/publisher/31743